| 000 | 00739cam a2200241 4500 | ||
|---|---|---|---|
| 001 | sa 68012337 | ||
| 003 | DLC | ||
| 005 | 20260227112609.0 | ||
| 008 | 691103s1967 pk a 000 0 eng | ||
| 010 | _asa 68012337 | ||
| 025 | _aPL480:EP-E-496 | ||
| 040 |
_aDLC _cDLC _dDLC |
||
| 043 | _aa-bg--- | ||
| 050 | 0 | 0 |
_aHD3540.6.A4 _bE27 1967 |
| 082 | 0 | 0 | _a334/.09549/2 |
| 110 | 1 |
_aEast Pakistan (Pakistan). _bCo-operative Directorate. |
|
| 245 | 1 | 0 |
_aCo-operative movement in East Pakistan _c[prepared by Maniruddin Ahmed] |
| 260 |
_aDacca, _bCo-operative Directorate, Govt. of East Pakistan, _c1967. |
||
| 300 |
_a53 p. _billus. _c22 cm. |
||
| 500 | _aCover title. | ||
| 650 | 0 |
_aCooperation _zBangladesh. |
|
| 700 | 1 | _aAhmed, Maniruddin. | |
| 999 |
_c84466 _d84466 |
||